Multiple-Choice-Stadtquiz Mainz - Statistiken

Allgemein
  • Dieses Quiz wurde 1.556 mal gespielt
  • Das Durchschnittsergebnis liegt bei 8 aus 10
Antwortstatistiken
Frage Antwort % Korrekt
Wie heißt der berühmte Erfinder des Buchdrucks aus Mainz? Johannes Gutenberg
96%
Mainz ist die Hauptstadt von welchem Bundesland? Rheinland-Pfalz
94%
Mainz ist bekannt für welche fünfte Jahreszeit? Fastnacht
91%
Welche Landeshauptstadt liegt auf der gegenüberliegenden Seite dieses Flusses? Wiesbaden
91%
An welchem dieser Flüsse liegt Mainz? Rhein
87%
Welcher große deutsche Sender hat seinen Sitz in Mainz? ZDF
82%
Welcher Wein gilt als besonders typisch für Mainz und die Region Rheinhessen? Riesling
65%
Welche römische Bezeichnung trug Mainz in der Antike? Mogontiacum
58%
Welcher römische Bau ist heute noch in Mainz erhalten? Römisches Theater
52%
Welche Mainzer Spezialität wird besonders zu dieser Jahreszeit gegessen? Weck, Worscht un Woi
40%
Keine übereinstimmenden Quizze gefunden
Verteilung der Resultate
Anzahl Personen mit jedem Resultat
Perzentil nach korrekt beantworteten Fragen
Ihre Resultats-Entwicklung
Sie haben dieses Quiz noch nicht gespielt